| 000 | 00417nam a2200133Ia 4500 | ||
|---|---|---|---|
| 008 | 220216s9999 xx 000 0 und d | ||
| 100 | _aCuco Silvia Marina | ||
| 245 | 0 | _aHermaphroditism in the rubber tree Hevea brasiliensis (Willd. ex Adr. de Juss.) Muell. Arg. II. | |
| 260 |
_bGenetics and Molecular Biology _c1998 |
||
| 300 | _a523-526 | ||
| 650 | _aHevea brasiliensis | ||
| 700 | _aBandel Gerhard | ||
| 942 | _cJS | ||
| 999 |
_c60281 _d60281 |
||